[Event "Online Olym Div2 B 2021"]
[Site "chess.com INT"]
[Date "2021.09.03"]
[Round "4.5"]
[Board "6"]
[White "Mihailova, Alina"]
[Black "Golsta, Madara"]
[Result "1-0"]
[WhiteElo "1884"]
[BlackElo "1967"]
[WhiteTeam "Moldova"]
[BlackTeam "Latvia"]
[WhiteFideId "13907018"]
[BlackFideId "11607386"]
[EventDate "2021.09.02"]
[EventType "team"]

1. d4 Nf6 2. c4 g6 3. g3 Bg7 4. Bg2 O-O 5. Nf3 c5 6. d5 e6 7. O-O exd5 8. cxd5
b5 9. a4 b4 10. Nfd2 d6 11. Nc4 Ba6 12. Nbd2 Re8 13. Re1 Qc7 14. Rb1 Nbd7 15. b3
Bxc4 16. Nxc4 Ne4 17. Bxe4 Rxe4 18. Bf4 Bf8 19. Qc2 Rae8 20. f3 Rxf4 21. gxf4
Bh6 22. e3 Nf6 23. Rbd1 Qd7 24. Qg2 Nh5 25. Qg4 f5 26. Qg2 Bg7 27. Qc2 Qe7 28.
Rf1 Bc3 29. Rf2 Bf6 30. Rg2 Kh8 31. Kh1 Bg7 32. Rg5 Nf6 33. Rg2 Rd8 34. Re2 Nh5
35. Rg1 Re8 36. Rgg2 Rd8 37. Rgf2 Re8 38. Qc1 Bh6 39. Qc2 Bg7 40. Rg2 Rd8 41.
Na5 Re8 42. Nc6 Qf7 43. Qd3 Qf6 44. Na5 Qh4 45. Qd1 Bc3 46. Nc4 Qe7 47. Qd3 Bg7
48. Kg1 Rd8 49. Na5 Re8 50. Nc6 Qf6 51. Nxa7 Qa1+ 52. Kf2 Qf6 53. Nc6 Qh4+ 54.
Kg1 Qf6 55. Kh1 Bh6 56. Qc2 Qf7 57. Qb2+ Bg7 58. Qd2 Qf6 59. Na5 Qa1+ 60. Rg1
Qf6 61. Nc4 Qe7 62. Rgg2 Bf6 63. Qa2 Bh4 64. a5 Qf7 65. Qd2 Qf6 66. Qb2 Rd8 67.
Qxf6+ Nxf6 68. e4 Nh5 69. Ra2 Nxf4 70. Rgc2 Be7 71. a6 Ra8 72. Nb6 Ra7 73. Nc8
Rc7 74. Nxe7 Rxe7 75. a7 fxe4 76. a8=Q+ Kg7 77. fxe4 Rxe4 78. Ra7+ Kh6 79. Qf8+
Kh5 80. Rxh7+ Kg5 81. Rg2+ Nxg2 82. Kxg2 1-0

[Event "Online Olym Div2 B 2021"]
[Site "chess.com INT"]
[Date "2021.09.03"]
[Round "5.1"]
[Board "1"]
[White "Bologan, Victor"]
[Black "Bogner, Sebastian"]
[Result "0-1"]
[WhiteTitle "GM"]
[BlackTitle "GM"]
[WhiteElo "2574"]
[BlackElo "2574"]
[WhiteTeam "Moldova"]
[BlackTeam "Switzerland"]
[WhiteFideId "13900048"]
[BlackFideId "4692055"]
[EventDate "2021.09.02"]
[EventType "team"]

1. e4 e5 2. Nf3 Nf6 3. Nxe5 d6 4. Nf3 Nxe4 5. d3 Nf6 6. d4 d5 7. Bd3 Bd6 8. Qe2+
Be6 9. Ng5 Qe7 10. Nxe6 fxe6 11. O-O O-O 12. Re1 Nc6 13. Qxe6+ Qxe6 14. Rxe6
Nxd4 15. Re1 Ng4 16. f3 Ne5 17. Rxe5 Bxe5 18. Nc3 c6 19. Bd2 Rae8 20. a4 Bf4 21.
Bxf4 Rxf4 22. a5 g5 23. h3 Ne6 24. Na4 Rf7 25. b4 Kg7 26. Rb1 h5 27. Bf1 Kf6 28.
c4 Rd7 29. Nc3 Red8 30. b5 Nc5 31. a6 d4 0-1

[Event "Online Olym Div2 B 2021"]
[Site "chess.com INT"]
[Date "2021.09.03"]
[Round "5.1"]
[Board "2"]
[White "Baenziger, Fabian"]
[Black "Schitco, Ivan"]
[Result "1-0"]
[WhiteTitle "IM"]
[BlackTitle "IM"]
[WhiteElo "2391"]
[BlackElo "2473"]
[WhiteTeam "Switzerland"]
[BlackTeam "Moldova"]
[WhiteFideId "1330110"]
[BlackFideId "13905465"]
[EventDate "2021.09.02"]
[EventType "team"]

1. d4 d5 2. c4 e6 3. Nc3 a6 4. cxd5 exd5 5. Nf3 Nf6 6. Bg5 Be6 7. Qb3 Ra7 8. e3
Nbd7 9. Qc2 Bd6 10. Bd3 h6 11. Bf4 Qe7 12. O-O O-O 13. h3 b6 14. Ne5 Nb8 15. Bg3
c5 16. f4 Rc7 17. Bh4 Rfc8 18. f5 cxd4 19. exd4 Bd7 20. Ng4 h5 21. Nxf6+ gxf6
22. Rae1 Qf8 23. Qd2 Rxc3 24. Bxf6 Kh7 25. bxc3 Nc6 26. Bg7 Kxg7 27. f6+ Kh8 28.
Qg5 1-0

[Event "Online Olym Div2 B 2021"]
[Site "chess.com INT"]
[Date "2021.09.03"]
[Round "5.1"]
[Board "3"]
[White "Gitu, Paula-Alexandra"]
[Black "Tamrazyan, Gohar"]
[Result "1-0"]
[WhiteTitle "WFM"]
[WhiteElo "2113"]
[BlackElo "1981"]
[WhiteTeam "Moldova"]
[BlackTeam "Switzerland"]
[WhiteFideId "13904620"]
[BlackFideId "1330799"]
[EventDate "2021.09.02"]
[EventType "team"]

1. e4 c5 2. Nf3 Nc6 3. Bb5 g6 4. Bxc6 dxc6 5. d3 Bg7 6. h3 Nf6 7. Nc3 Nd7 8. Be3
e5 9. Qd2 h6 10. Nh2 Qe7 11. O-O Nf8 12. f4 exf4 13. Bxf4 Ne6 14. Bg3 Qg5 15.
Qxg5 hxg5 16. Rae1 Nd4 17. Rf2 Be6 18. Ng4 f5 19. exf5 gxf5 20. Be5 Kf7 21. Ne4
Rh5 22. Nxc5 Nxc2 23. Rxc2 Bf8 24. Nxe6 Kxe6 25. Bd4+ Kf7 26. Ne5+ Kg8 27. Nd7
Kf7 28. Nxf8 Rxf8 29. Rce2 Kg8 30. Re7 Rh7 31. Bxa7 Ra8 32. Rxh7 Kxh7 33. Re7+
Kg6 34. Rxb7 1-0

[Event "Online Olym Div2 B 2021"]
[Site "chess.com INT"]
[Date "2021.09.03"]
[Round "5.1"]
[Board "4"]
[White "Thode, Gilda"]
[Black "Verbin, Valentina"]
[Result "0-1"]
[WhiteElo "1986"]
[BlackElo "2039"]
[WhiteTeam "Switzerland"]
[BlackTeam "Moldova"]
[WhiteFideId "1323628"]
[BlackFideId "13905910"]
[EventDate "2021.09.02"]
[EventType "team"]

1. d4 Nf6 2. Nf3 e6 3. Bg5 d5 4. Nbd2 Be7 5. e3 c5 6. c3 Nc6 7. Bd3 Qb6 8. Qb3
c4 9. Qxb6 axb6 10. Be2 b5 11. O-O b4 12. Rfc1 b5 13. h3 bxc3 14. Rxc3 b4 15.
Rcc1 h6 16. Bf4 O-O 17. Ne5 Bb7 18. Bf3 Ra6 0-1

[Event "Online Olym Div2 B 2021"]
[Site "chess.com INT"]
[Date "2021.09.03"]
[Round "5.1"]
[Board "5"]
[White "Lashkin, Jegor"]
[Black "Fecker, Noah"]
[Result "1-0"]
[WhiteTitle "FM"]
[BlackTitle "FM"]
[WhiteElo "2386"]
[BlackElo "2333"]
[WhiteTeam "Moldova"]
[BlackTeam "Switzerland"]
[WhiteFideId "13907808"]
[BlackFideId "1334263"]
[EventDate "2021.09.02"]
[EventType "team"]

1. d4 Nf6 2. c4 g6 3. Nc3 d5 4. Nf3 Bg7 5. Bg5 Ne4 6. Bf4 Nxc3 7. bxc3 c5 8. e3
O-O 9. cxd5 Qxd5 10. Be2 cxd4 11. cxd4 Qa5+ 12. Qd2 Nc6 13. Qxa5 Nxa5 14. Kd2
Be6 15. Rhc1 Rfc8 16. Ke1 Bc4 17. Nd2 Bxe2 18. Kxe2 Kf8 19. Rab1 Ke8 20. Kd3 Kd7
21. Nc4 b6 22. Nxa5 Rxc1 23. Rxc1 bxa5 24. Rc7+ Kd8 25. Rc5 a4 26. Ra5 e6 27.
Rxa4 Bf8 28. Ra6 Kd7 29. e4 Be7 30. Be3 Kc7 31. Kc4 Kb7 32. Kb5 Rb8 33. d5 Kc7+
34. Kc4 Rb4+ 35. Kd3 exd5 36. Rxa7+ Kd6 37. Rxe7 1-0

[Event "Online Olym Div2 B 2021"]
[Site "chess.com INT"]
[Date "2021.09.03"]
[Round "5.1"]
[Board "6"]
[White "Pellicoro, Nathalie"]
[Black "Mihailova, Alina"]
[Result "0-1"]
[WhiteElo "1917"]
[BlackElo "1884"]
[WhiteTeam "Switzerland"]
[BlackTeam "Moldova"]
[WhiteFideId "1332350"]
[BlackFideId "13907018"]
[EventDate "2021.09.02"]
[EventType "team"]

1. e4 c5 2. Nc3 e6 3. g3 Nc6 4. Bg2 Nf6 5. d3 Be7 6. f4 d5 7. Bd2 Rb8 8. Nf3 O-O
9. O-O d4 10. Ne2 b5 11. h3 Bb7 12. g4 Re8 13. Ng3 c4 14. g5 Nd7 15. f5 Bd6 16.
Nh5 exf5 17. exf5 Nde5 18. g6 hxg6 19. fxg6 Nxg6 20. Bg5 Qc7 21. dxc4 bxc4 22.
Nxd4 Nxd4 23. c3 Ne6 24. Bxb7 Rxb7 25. Bd2 Qc5+ 26. Kh1 Qd5+ 27. Kg1 Bc5+ 28.
Kh2 Rxb2 29. Nxg7 Rxd2+ 30. Qxd2 Qxd2+ 31. Kh1 Nxg7 32. Rad1 Qe3 33. Kh2 Qe2+
34. Kh1 Re3 35. Rd8+ Kh7 36. Rxf7 Rxh3# 0-1

[Event "Online Olym Div2 B 2021"]
[Site "chess.com INT"]
[Date "2021.09.03"]
[Round "5.2"]
[Board "1"]
[White "Toczek, Grzegorz"]
[Black "Meshkovs, Nikita"]
[Result "0-1"]
[WhiteTitle "FM"]
[BlackTitle "GM"]
[WhiteElo "2271"]
[BlackElo "2550"]
[WhiteTeam "Wales"]
[BlackTeam "Latvia"]
[WhiteFideId "1106457"]
[BlackFideId "11602740"]
[EventDate "2021.09.02"]
[EventType "team"]

1. e4 c5 2. c3 Nf6 3. e5 Nd5 4. d4 cxd4 5. Nf3 Nc6 6. Bc4 Nb6 7. Bb3 d5 8. exd6
e6 9. cxd4 Bxd6 10. O-O O-O 11. Nc3 Be7 12. d5 exd5 13. Nxd5 Nxd5 14. Qxd5 Bf6
15. Bg5 Qxd5 16. Bxd5 Bxb2 17. Rab1 Ba3 18. Rb3 Bc5 19. Rc1 Bb6 20. Be3 Rd8 21.
Bxc6 Bxe3 22. Rxe3 bxc6 23. Rxc6 a5 24. h3 Be6 25. Ra3 Rd5 26. Rc2 Rad8 27. Kh2
g5 28. Rc7 Rb8 29. Rc2 Kg7 30. Kg3 Rb4 31. Rd2 Rxd2 32. Nxd2 a4 33. Nf3 f6 34.
Ne1 h5 35. Nd3 h4+ 36. Kh2 Rc4 37. f3 Bd7 38. Nf2 Rc2 39. Ne4 Bc6 40. Kg1 Bxe4
41. fxe4 Rc4 42. Re3 Kf7 43. e5 f5 44. e6+ Ke7 45. Re5 g4 46. hxg4 fxg4 47. Rh5
g3 48. Kf1 Rf4+ 49. Ke2 Rf2+ 50. Ke3 Rxg2 51. Rxh4 Rxa2 52. Rg4 g2 53. Rg6 a3
54. Kf3 Rb2 55. Rg7+ Kxe6 56. Kg3 g1=Q+ 0-1

[Event "Online Olym Div2 B 2021"]
[Site "chess.com INT"]
[Date "2021.09.03"]
[Round "5.2"]
[Board "2"]
[White "Mustaps, Matiss"]
[Black "Pleasants, Allan J"]
[Result "1/2-1/2"]
[WhiteTitle "FM"]
[WhiteElo "2356"]
[BlackElo "2001"]
[WhiteTeam "Latvia"]
[BlackTeam "Wales"]
[WhiteFideId "11602295"]
[BlackFideId "411337"]
[EventDate "2021.09.02"]
[EventType "team"]

1. e4 g6 2. d4 Bg7 3. Nc3 d6 4. f4 Nf6 5. e5 Nfd7 6. Nf3 O-O 7. Be3 c5 8. dxc5
dxe5 9. fxe5 Qa5 10. Qd2 Nc6 11. e6 fxe6 12. Bc4 Nde5 13. Nxe5 Nxe5 14. Bb3 Ng4
15. O-O-O Nxe3 16. Qxe3 Bxc3 17. Qxc3 Qxc3 18. bxc3 a5 19. Bc4 a4 20. Bb5 e5 21.
Rhe1 Be6 22. a3 Rf5 23. h4 Rc8 24. Bd3 Rh5 25. g3 Bg4 26. Rd2 Rxc5 27. Kb2 Bf3
28. Be4 Bxe4 29. Rxe4 b5 30. c4 bxc4 31. Kc3 Rf5 32. Kb4 Rc7 33. Rxc4 Rb7+ 34.
Kc3 Rf3+ 35. Rd3 Rf2 36. Re3 Rb5 37. Rb4 Rc5+ 38. Kd3 Rcxc2 39. Rxa4 Rc5 40. Rc4
Ra5 41. a4 Ra2 42. Ke4 R2xa4 43. Rxa4 Rxa4+ 44. Kxe5 Ra6 1/2-1/2

[Event "Online Olym Div2 B 2021"]
[Site "chess.com INT"]
[Date "2021.09.03"]
[Round "5.2"]
[Board "3"]
[White "Chong, Kimberly"]
[Black "Rogule, Laura"]
[Result "0-1"]
[BlackTitle "WGM"]
[WhiteElo "1790"]
[BlackElo "2286"]
[WhiteTeam "Wales"]
[BlackTeam "Latvia"]
[WhiteFideId "1804723"]
[BlackFideId "11601876"]
[EventDate "2021.09.02"]
[EventType "team"]

1. e4 c5 2. c3 Nf6 3. e5 Nd5 4. d4 cxd4 5. cxd4 d6 6. Nf3 Nc6 7. exd6 Qxd6 8.
Be2 g6 9. Nc3 Bg7 10. O-O O-O 11. Nxd5 Qxd5 12. Be3 Rd8 13. Rc1 Qxa2 14. Bc4 Qa5
15. Ng5 e6 16. Qf3 Qf5 17. Qxf5 gxf5 18. Nf3 Nxd4 19. Nxd4 Bxd4 20. Rfd1 Bf6 21.
Rxd8+ Bxd8 22. Bh6 e5 23. Rc3 f4 24. g3 Be6 25. gxf4 exf4 26. Bxf4 Bf6 27. Bh6
Bxc3 0-1

[Event "Online Olym Div2 B 2021"]
[Site "chess.com INT"]
[Date "2021.09.03"]
[Round "5.2"]
[Board "4"]
[White "Vidruska, Renate"]
[Black "Wilson, Julie"]
[Result "1-0"]
[WhiteTitle "WFM"]
[WhiteElo "2000"]
[BlackElo "1826"]
[WhiteTeam "Latvia"]
[BlackTeam "Wales"]
[WhiteFideId "11601841"]
[BlackFideId "1800876"]
[EventDate "2021.09.02"]
[EventType "team"]

1. e4 e6 2. d4 d5 3. Nc3 Nf6 4. Bg5 dxe4 5. Nxe4 Be7 6. Bxf6 Bxf6 7. Nf3 Nd7 8.
Bd3 b6 9. Qe2 Bb7 10. O-O-O O-O 11. Kb1 Be7 12. h4 Qe8 13. Rhe1 c5 14. Neg5 g6
15. h5 cxd4 16. hxg6 hxg6 17. Nxe6 Bxf3 18. gxf3 Bb4 19. Nc7 Qxe2 20. Rxe2 Rac8
21. Nd5 Bc5 22. Rde1 Kg7 23. Ba6 Rcd8 24. b4 Bd6 25. a3 Nf6 26. Ne7 Rfe8 27. Nc6
Rxe2 28. Rxe2 Rd7 29. Rd2 Nd5 30. Rxd4 Nc3+ 31. Kc1 Ne2+ 32. Bxe2 1-0

[Event "Online Olym Div2 B 2021"]
[Site "chess.com INT"]
[Date "2021.09.03"]
[Round "5.2"]
[Board "5"]
[White "MacDonald, Duncan"]
[Black "Golubovskis, Maksims"]
[Result "0-1"]
[BlackTitle "FM"]
[WhiteElo "1569"]
[BlackElo "2210"]
[WhiteTeam "Wales"]
[BlackTeam "Latvia"]
[WhiteFideId "1804758"]
[BlackFideId "11608528"]
[EventDate "2021.09.02"]
[EventType "team"]

1. c4 Nf6 2. Nc3 c5 3. g3 d5 4. cxd5 Nxd5 5. Bg2 Nc7 6. Nf3 Nc6 7. O-O e5 8. d3
Be7 9. Be3 O-O 10. Ne4 b6 11. Ned2 Be6 12. Nc4 f6 13. Rc1 Qd7 14. a3 Nd5 15. Bd2
Rfd8 16. Qb3 Rab8 17. Qc2 Bf8 18. Rfd1 Rbc8 19. Qb3 Rb8 20. Qc2 Rdc8 21. e4 Nde7
22. Be3 b5 23. Ncd2 Nd4 24. Bxd4 cxd4 25. Qb1 Nc6 26. b4 a5 27. bxa5 Bxa3 28.
Rc2 Nxa5 29. Rxc8+ Rxc8 30. Ne1 Qc6 31. f4 b4 32. fxe5 fxe5 33. Nef3 Qb5 34. Ng5
Bg4 35. Rf1 b3 36. h3 Be2 37. Rf2 Rc1+ 38. Qxc1 Bxc1 0-1

[Event "Online Olym Div2 B 2021"]
[Site "chess.com INT"]
[Date "2021.09.03"]
[Round "5.2"]
[Board "6"]
[White "Golsta, Madara"]
[Black "Ray, Hiya"]
[Result "1-0"]
[WhiteElo "1967"]
[BlackElo "1586"]
[WhiteTeam "Latvia"]
[BlackTeam "Wales"]
[WhiteFideId "11607386"]
[BlackFideId "1803980"]
[EventDate "2021.09.02"]
[EventType "team"]

1. e4 c5 2. Nf3 d6 3. d4 cxd4 4. Nxd4 Nf6 5. Nc3 g6 6. Be3 Bg7 7. f3 O-O 8. Qd2
Nc6 9. g4 Ne5 10. h4 h5 11. gxh5 Nxh5 12. O-O-O Bd7 13. Rg1 Rc8 14. Bh6 Nc4 15.
Bxc4 Rxc4 16. Bxg7 Kxg7 17. Qg5 Rc5 18. Nd5 Nf6 19. h5 Qe8 20. Nxf6 exf6 21. Qg3
Rxh5 22. Qxd6 Ra5 23. a3 Ra6 24. Qg3 Qe5 25. Ne2 Be6 26. Nc3 Rxa3 27. bxa3 Qxc3
28. Rd3 Qc5 29. Rgd1 Rc8 30. Qh2 Bc4 31. Rh1 Bxd3 32. Qh6+ Kg8 33. Qh8# 1-0

[Event "Online Olym Div2 B 2021"]
[Site "chess.com INT"]
[Date "2021.09.03"]
[Round "5.3"]
[Board "1"]
[White "Madaminov, Mukhiddin"]
[Black "Al-Ali, Hussein Ali Hussein"]
[Result "1-0"]
[WhiteTitle "FM"]
[BlackTitle "IM"]
[WhiteElo "2260"]
[BlackElo "2277"]
[WhiteTeam "Uzbekistan"]
[BlackTeam "Iraq"]
[WhiteFideId "14210703"]
[BlackFideId "4800192"]
[EventDate "2021.09.02"]
[EventType "team"]

1. e4 e6 2. d4 d5 3. e5 c5 4. c3 Nc6 5. Nf3 Nge7 6. a3 cxd4 7. cxd4 Nf5 8. b4
Qb6 9. Be3 Be7 10. Bd3 Nh4 11. Nxh4 Bxh4 12. O-O Be7 13. Nc3 Bd7 14. Rc1 O-O 15.
Na4 Qd8 16. Nc5 Bxc5 17. Rxc5 f6 18. Qg4 f5 19. Qg3 Be8 20. Rfc1 Bg6 21. f4 a6
22. Qe1 Qb6 23. Be2 Rfc8 24. h4 h6 25. h5 Bh7 26. Bf2 Kh8 27. Qc3 Qd8 28. a4 Qe8
29. b5 axb5 30. axb5 Na7 31. b6 Nc6 32. Bb5 Rab8 33. Bxc6 bxc6 34. Rxc6 Rxc6 35.
Qxc6 Qxc6 36. Rxc6 Bg8 37. Be1 Kh7 38. Bb4 Bf7 39. Bd6 Rb7 40. Rc7 1-0

[Event "Online Olym Div2 B 2021"]
[Site "chess.com INT"]
[Date "2021.09.03"]
[Round "5.3"]
[Board "2"]
[White "Ahmed, Ali Layth Ahmed"]
[Black "Rakhmatullaev, Almas"]
[Result "0-1"]
[WhiteTitle "FM"]
[WhiteElo "2253"]
[BlackElo "2183"]
[WhiteTeam "Iraq"]
[BlackTeam "Uzbekistan"]
[WhiteFideId "4801920"]
[BlackFideId "14205793"]
[EventDate "2021.09.02"]
[EventType "team"]

1. d4 Nf6 2. c4 e6 3. Nf3 Bb4+ 4. Nbd2 d5 5. a3 Be7 6. e3 O-O 7. Bd3 dxc4 8.
Nxc4 c5 9. dxc5 Bxc5 10. b4 Be7 11. Bb2 Nc6 12. O-O Bd7 13. Qe2 Rc8 14. Rad1 Qc7
15. e4 Rfd8 16. e5 Nd5 17. Qe4 g6 18. b5 Na5 19. Nd6 Bxd6 20. exd6 Qxd6 21. Be5
Qe7 22. Qa4 b6 23. Rc1 Be8 24. Be4 f6 25. Ba1 Nf4 26. Rxc8 Rxc8 27. Nd4 Rc4 28.
Qd1 e5 29. Nc6 Nxc6 30. Bxc6 Bxc6 31. bxc6 Rxc6 32. g3 Ne6 33. Qd5 Rd6 34. Qc4
Qd7 35. Bc3 Qc6 0-1

[Event "Online Olym Div2 B 2021"]
[Site "chess.com INT"]
[Date "2021.09.03"]
[Round "5.3"]
[Board "3"]
[White "Salimova, Asal"]
[Black "A-Ali, Sali Abbas Abdulzahra"]
[Result "1-0"]
[BlackTitle "WFM"]
[WhiteElo "1905"]
[BlackElo "1919"]
[WhiteTeam "Uzbekistan"]
[BlackTeam "Iraq"]
[WhiteFideId "14204940"]
[BlackFideId "4804929"]
[EventDate "2021.09.02"]
[EventType "team"]

1. d4 d5 2. Bf4 Nf6 3. e3 e6 4. Nf3 Bd6 5. Bg3 O-O 6. Bd3 c5 7. c3 b6 8. Nbd2
Ba6 9. Bxa6 Nxa6 10. Ne5 Qc7 11. f4 b5 12. a3 Nb8 13. O-O Nbd7 14. Qf3 a5 15.
Rac1 Rac8 16. Bh4 cxd4 17. exd4 b4 18. axb4 axb4 19. g4 bxc3 20. bxc3 Kh8 21.
Kh1 Ng8 22. Qh3 Be7 23. Ndf3 Bxh4 24. Qxh4 Ngf6 25. g5 Ne4 26. g6 h6 27. gxf7
Kh7 28. Rg1 Nxe5 29. Nxe5 Qd8 30. Qh5 Qf6 31. Rcf1 Rc7 32. f5 Nd6 33. Rg6 Qe7
34. Rxg7+ Kxg7 35. Qg6+ Kh8 36. Qxh6# 1-0

[Event "Online Olym Div2 B 2021"]
[Site "chess.com INT"]
[Date "2021.09.03"]
[Round "5.3"]
[Board "4"]
[White "Al-Fayyadh, Zainab Asif Abdulah"]
[Black "Malikova, Marjona"]
[Result "0-1"]
[WhiteElo "1658"]
[BlackElo "1684"]
[WhiteTeam "Iraq"]
[BlackTeam "Uzbekistan"]
[WhiteFideId "4806476"]
[BlackFideId "14212463"]
[EventDate "2021.09.02"]
[EventType "team"]

1. e4 c6 2. d4 d5 3. exd5 cxd5 4. Bd3 Nc6 5. c3 Nf6 6. h3 g6 7. Nf3 Qc7 8. O-O
Bf5 9. Bxf5 gxf5 10. c4 Rg8 11. Nc3 dxc4 12. Qa4 O-O-O 13. Qxc4 e6 14. Qa4 Nd5
15. Nxd5 Rxd5 16. Be3 f4 17. Bd2 Bd6 18. Rac1 Kb8 19. b4 Qb6 20. Rc4 Nxd4 21.
Nxd4 Rxd4 22. Rxd4 Qxd4 23. Qb3 Qxd2 24. Rd1 Qxb4 25. Qd3 Bc7 26. Qxh7 Rf8 27.
Rb1 Qd6 28. Qe4 b6 29. a4 f5 30. Qf3 a5 31. Qc3 f3 32. g3 Ka7 33. Qxf3 e5 34.
Rd1 Qc5 35. Rd7 e4 36. Qf4 Kb8 37. Qh6 Rc8 38. Qh7 Qb4 39. Qxf5 Qxa4 40. Qe6
Qa1+ 41. Kg2 Qe5 42. Qc4 e3 43. Rd3 e2 44. Qa6 e1=Q 45. Rb3 Q1e4+ 46. Kh2 Qc5 0-1

[Event "Online Olym Div2 B 2021"]
[Site "chess.com INT"]
[Date "2021.09.03"]
[Round "5.3"]
[Board "5"]
[White "Begmuratov, Khumoyun"]
[Black "Zaid Alaa Chaseb"]
[Result "1-0"]
[WhiteTitle "CM"]
[BlackTitle "CM"]
[WhiteElo "2148"]
[BlackElo "1814"]
[WhiteTeam "Uzbekistan"]
[BlackTeam "Iraq"]
[WhiteFideId "14210207"]
[BlackFideId "4811623"]
[EventDate "2021.09.02"]
[EventType "team"]

1. e4 c6 2. Nc3 d5 3. Nf3 dxe4 4. Nxe4 Bg4 5. Be2 Nd7 6. O-O Ngf6 7. Nxf6+ Nxf6
8. h3 Bh5 9. Ne5 Bxe2 10. Qxe2 e6 11. Re1 Be7 12. c3 O-O 13. d4 c5 14. Be3 Qc7
15. Rad1 Nd5 16. c4 Nxe3 17. fxe3 Rac8 18. b3 Bd6 19. Nf3 Rfd8 20. Rf1 e5 21.
Ng5 exd4 22. Qh5 h6 23. Rxf7 Bh2+ 24. Kh1 Qe5 25. Qg6 hxg5 26. Rf5 Qd6 27. Qf7+
Kh8 28. Rxg5 Qh6 29. Rh5 dxe3 30. Rxh6+ gxh6 31. Rxd8+ Rxd8 32. Qf6+ Kh7 33.
Qxd8 Bf4 34. Qd3+ Kg7 35. Qe4 Kf6 36. Qxf4+ 1-0

[Event "Online Olym Div2 B 2021"]
[Site "chess.com INT"]
[Date "2021.09.03"]
[Round "5.3"]
[Board "6"]
[White "Al-Fayyadh, Yamama Asif Abdula"]
[Black "Khegay, Yuliya"]
[Result "0-1"]
[WhiteTitle "WCM"]
[BlackTitle "WFM"]
[WhiteElo "1659"]
[BlackElo "1848"]
[WhiteTeam "Iraq"]
[BlackTeam "Uzbekistan"]
[WhiteFideId "4806700"]
[BlackFideId "14205394"]
[EventDate "2021.09.02"]
[EventType "team"]

1. e4 e5 2. Nf3 Nc6 3. Bb5 a6 4. Ba4 Nf6 5. O-O Nxe4 6. d4 b5 7. Bb3 d5 8. dxe5
Be6 9. a4 b4 10. c3 Bc5 11. cxb4 Nxb4 12. Nbd2 Nxf2 13. Rxf2 Nd3 14. Qc2 Bxf2+
15. Kf1 Nxc1 16. Rxc1 Bb6 17. Qc6+ Bd7 18. Qxd5 O-O 19. Qe4 Be6 20. Bc2 g6 21.
Qf4 Bd5 22. Be4 Bxe4 23. Nxe4 Qd3+ 24. Ke1 Rad8 25. Nf6+ Kg7 26. Ng4 Ba5+ 27. b4
Bxb4+ 28. Qxb4 h5 29. Qf4 hxg4 30. Ng5 Rd4 31. Qf6+ Kg8 32. Rxc7 Qe3+ 0-1

[Event "Online Olym Div2 B 2021"]
[Site "chess.com INT"]
[Date "2021.09.03"]
[Round "5.4"]
[Board "1"]
[White "Ragger, Markus"]
[Black "Sirosh, Ilja"]
[Result "0-1"]
[WhiteTitle "GM"]
[BlackTitle "IM"]
[WhiteElo "2665"]
[BlackElo "2400"]
[WhiteTeam "Austria"]
[BlackTeam "Estonia"]
[WhiteFideId "1610856"]
[BlackFideId "4500458"]
[EventDate "2021.09.02"]
[EventType "team"]

1. e4 c6 2. Nf3 d5 3. Nc3 dxe4 4. Nxe4 Nf6 5. Qe2 Nxe4 6. Qxe4 Nd7 7. Bc4 Nf6 8.
Ne5 e6 9. Qe3 b5 10. Nxc6 Qc7 11. Bxb5 a6 12. Be2 Qxc6 13. Bf3 Nd5 14. Qb3 Qd6
15. O-O Rb8 16. Qc4 Be7 17. b3 Bf6 18. c3 O-O 19. Qa4 Rd8 20. Rb1 Bb7 21. Qg4 g6
22. c4 h5 23. Qg3 Qxg3 24. hxg3 Nb4 25. a3 Bxf3 26. gxf3 Nd3 27. b4 Nxc1 28.
Rfxc1 Rxd2 29. Rd1 Rbd8 30. Rxd2 Rxd2 31. b5 axb5 32. cxb5 Rb2 33. Rxb2 Bxb2 34.
a4 Bd4 35. a5 Bc3 36. a6 Bd4 37. Kf1 g5 38. f4 gxf4 39. gxf4 Kg7 40. Kg2 Kg6 41.
Kg3 Kf5 42. f3 Bb6 43. Kh4 Kxf4 44. Kxh5 Kxf3 45. Kg5 e5 46. Kf5 e4 47. Ke5 e3
48. Kd5 e2 49. Kc6 Bf2 50. b6 Bxb6 51. Kxb6 e1=Q 0-1

[Event "Online Olym Div2 B 2021"]
[Site "chess.com INT"]
[Date "2021.09.03"]
[Round "5.4"]
[Board "2"]
[White "Vorobjov, Pavel"]
[Black "Shengelia, David"]
[Result "1/2-1/2"]
[BlackTitle "GM"]
[WhiteElo "2293"]
[BlackElo "2524"]
[WhiteTeam "Estonia"]
[BlackTeam "Austria"]
[WhiteFideId "4500989"]
[BlackFideId "13601270"]
[EventDate "2021.09.02"]
[EventType "team"]

1. Nf3 b6 2. g3 Bb7 3. Bg2 g6 4. O-O Bg7 5. c4 Nf6 6. Nc3 O-O 7. Re1 d5 8. cxd5
Nxd5 9. e4 Nxc3 10. bxc3 c5 11. d4 Nc6 12. e5 cxd4 13. cxd4 Rc8 14. h4 Nb4 15.
Re2 Bd5 16. Ba3 Nc6 17. Bb2 Qd7 18. Ng5 Bxg2 19. Kxg2 Qd5+ 20. Kg1 Rfd8 21. Qb3
h6 22. Nf3 Na5 23. Qxd5 Rxd5 24. Rc1 Rxc1+ 25. Bxc1 Nc4 26. Rc2 b5 27. Bd2 e6
28. Kf1 Bf8 29. Ke2 h5 30. Bg5 Ba3 31. Kd3 Kf8 32. Ke4 Ke8 33. Nd2 Nxd2+ 34.
Bxd2 Kd7 35. Ba5 Ke8 36. Rc8+ Ke7 37. Rb8 b4 38. Rb7+ Rd7 39. Bxb4+ Bxb4 40.
Rxb4 Rc7 41. a4 Kf8 42. a5 Kg7 43. f3 Rc1 44. Rb7 Re1+ 45. Kf4 Rd1 46. Rxa7
Rxd4+ 47. Ke3 Ra4 48. Ra8 Ra3+ 49. Kf2 Ra2+ 50. Ke3 Ra3+ 51. Kf4 Ra4+ 52. Ke3
Ra3+ 1/2-1/2